| 000 | 00819nam a2200253 a 4500 | ||
|---|---|---|---|
| 001 | 22415 | ||
| 003 | BD-RjUL | ||
| 005 | 20211209000813.0 | ||
| 008 | 140308s19571936enk 000 0 eng d | ||
| 035 | _a(BD-RjUL)22480 | ||
| 035 | _a(BD-RjUL) | ||
| 040 |
_aANL _beng _cANL _dABN:2 |
||
| 041 | _aeng | ||
| 082 |
_a821.08 _bPOE 1957 |
||
| 245 | 0 | 4 |
_aThe Poets' way, stage I / _cselected by E.W. Parker ; edited by A.R. Moon. |
| 260 |
_aLondon : _bLongmans, Green, _cC1942 [impression 1957] _e(Melbourne : _fBrown, Prior, Anderson) |
||
| 300 |
_a137 p. ; _c19 cm. |
||
| 504 | _aIncludes index. | ||
| 650 | 0 |
_aEnglish poetry. _969214 |
|
| 700 | 1 |
_aParker, E. W. _q(Ernest Walter), _d1896- _969215 |
|
| 700 | 1 |
_aMoon, A. R. _945692 |
|
| 942 |
_2ddc _cBK |
||
| 999 |
_c22415 _d22415 |
||